000 00631nam a2200229Ia 4500
003 OSt
005 20221005120525.0
006 a|||||r|||| 00| 0
007 ta
008 221004b |||||||| |||| 00| 0 eng d
024 _a44911
037 _cTextual
040 _aCRL
_cCRL
_beng
041 _2eng
_aeng
082 _aP1z, B8.1-.4 close sec
100 _aBrugmann Karl
_9629298
245 0 _aElements of the comparative grammar of the Indo-Germanic language
260 _c1888
650 _aLINGUISTICS
942 _hP1z, B8.1-.4 close sec
_cTEXL
_2cc
999 _c1038348
_d1038348